000 00270nam a2200121 a 4500
008 091104s1978|||| d
100 1 _aBronteová, E.
245 1 0 _aBúrlivé výšiny
260 _bTatran
_aBratislavas
_c1978
020 _c35
041 _aslo
044 _axo
_cSK
999 _c4
_d4